| 000 | 00781nam a2200241 i 4500 | ||
|---|---|---|---|
| 001 | 173523 | ||
| 003 | ES-MaACL | ||
| 005 | 20251128112250.0 | ||
| 008 | 091204s1973 xxu |||| | eng d | ||
| 020 | _a90-277-0404 X | ||
| 080 | _a001:1 | ||
| 080 | _a001.8 | ||
| 245 | 0 | 4 |
_aThe methodological unity of science / _cedited by Mario Bunge. |
| 260 |
_aDordrecht ; _aBoston : _bReidel, _c[1973] |
||
| 300 |
_aVIII, 264 p. ; _c23 cm. |
||
| 490 | 1 |
_aTheory and decision library ; _v3 |
|
| 650 |
_aCiencia- _xFilosofĂa. _910950 |
||
| 650 | 0 | 4 |
_aCiencia- _xMetodologĂa _910958 |
| 700 | 1 |
_aBunge, Mario, _d1919- _9165711 |
|
| 830 | 0 |
_aTheory and decision library ; _v3 _9223561 |
|
| 852 |
_aES-MaACL _jE-13211 _z.- Donativo doctor Calles |
||
| 999 |
_c173523 _d173523 |
||